000 00565nam a22002177a 4500
999 _c6909
_d6909
001 6909
003 BD-JhCC
005 20180201082832.0
008 180201b xxu||||| |||| 00| 0 eng d
035 _a(BD-JhCC)6909
040 _aBD-JhCC
_dBD-JhCC
041 _aeng
082 _a821.081
_bSTR 1962
100 _aStreet, St Martin
245 _aCollected Poems and Plays of Rabindronath Tagore /
_cSt Martin Street
260 _aLondon :
_bMacmillan & Co. Ltd,
_c1962.
300 _a577 p. :
_c22 cm.
650 _aPoems
942 _2ddc
_cBK